000 00746nmc a2200289 a 4500
003 AR-BaBNM
005 20251128202859.0
008 067019s[s.f ||||||||||||||000 | spa||
040 _cAR-BaBNM
100 1 _aGonzález, Joaquín V.
_d1863-1923
245 1 0 _aMis montañas
260 _aBuenos Aires
_bTor
_c[s.f.]
300 0 _a234 p.
490 0 _aLecturas selectas. Segunda
_vv. 8
500 0 _aContiene una breve biografía del autor en p. 5
530 _aInternet
650 4 _aLITERATURA ARGENTINA
650 4 _aROMANTICISMO
650 4 _aENSAYO
650 4 _aAUTOBIOGRAFIAS
650 4 _aCOSTUMBRES Y TRADICIONES
650 4 _aESCRITORES
653 0 _aMEMORIAS
655 _aLITERATURA
942 _cBK
998 _cMARTIN
999 _c1020
_d1020